Understanding Teaching and Learning in Primary Education (Record no. 6837)

MARC details
005 - DATE AND TIME OF LATEST TRANSACTION
control field 20260314122707.0
020 ## - INTERNATIONAL STANDARD BOOK NUMBER
International Standard Book Number 9781526421180
100 ## - MAIN ENTRY--PERSONAL NAME
Author name CARROLL,M
245 ## - TITLE STATEMENT
Title Understanding Teaching and Learning in Primary Education
250 ## - EDITION STATEMENT
Edition statement 2nd Ed.
260 ## - PUBLICATION, DISTRIBUTION, ETC.
Place of publication, distribution, etc. London
Name of publisher, distributor, etc. SAGE
Date of publication, distribution, etc. 2018
300 ## - PHYSICAL DESCRIPTION
Extent xxiii,395p;ill;charts,table
Other physical details Index
Dimensions 21cm
700 ## - ADDED ENTRY--PERSONAL NAME
Other authors/Editors MCCULLOCH,M
942 ## - ADDED ENTRY ELEMENTS (KOHA)
Source of classification or shelving scheme Dewey Decimal Classification
Koha item type Books
Holdings
Date last seen Total checkouts Full call number Barcode Cost, replacement price Price effective from Koha item type Lost status Source of classification or shelving scheme Damaged status Not for loan Withdrawn status Home library Current library Shelving location Date acquired Source of acquisition Cost, normal purchase price
03/14/2026   372.21 CAR MBY0001136 237000.00 03/14/2026 Books   Dewey Decimal Classification       CBE MBEYA CBE MBEYA General Collection 02/23/2026 DONATION 79000.00